书目信息 |
| 题名: |
传热学
|
|
| 作者: | 唐爱坤 , 邓元望 主编 | |
| 分册: | ||
| 出版信息: | 北京 机械工业出版社 2021.08 |
|
| 页数: | 255页 | |
| 开本: | 26cm | |
| 丛书名: | 现代机械工程系列精品教材 | |
| 单 册: | ||
| 中图分类: | TK124 | |
| 科图分类: | ||
| 主题词: | 传热学--chuan re xue--教材 | |
| 电子资源: | ||
| ISBN: | 978-7-111-67904-2 | |
| 000 | 01177nam 2200313 450 | |
| 001 | 26364 | |
| 005 | 20221117145123.87 | |
| 010 | @a978-7-111-67904-2@dCNY49.80 | |
| 100 | @a20210927d2021 em y0chiy50 ea | |
| 101 | 0 | @achi |
| 102 | @aCN@b110000 | |
| 105 | @aak a 000yy | |
| 200 | 1 | @a传热学@Achuan re xue@f主编邓元望, 唐爱坤 |
| 210 | @a北京@c机械工业出版社@d2021.08 | |
| 215 | @a255页@c图@d26cm | |
| 225 | 2 | @a现代机械工程系列精品教材@Axian dai ji xie gong cheng xi lie jing pin jiao cai |
| 300 | @a“十三五”国家重点出版物出版规划项目 双色印刷 | |
| 312 | @a英文题名取自封面 | |
| 314 | @a邓元望, 博士, 湖南大学机械与运载工程学院教授。唐爱坤, 博士, 江苏大学能源与动力工程学院教授。 | |
| 320 | @a有书目 (第254-255页) | |
| 330 | @a本书在内容上既有广度又有深度, 同时力求内容精炼、简明扼要, 做到理论与实际紧密联系, 使读者既能掌握扎实的基础理论知识, 又能培养 | |
| 410 | 0 | @12001 @a现代机械工程系列精品教材 |
| 510 | 1 | @aHeat transfer@zeng |
| 606 | 0 | @a传热学@Achuan re xue@j教材 |
| 690 | @aTK124@v5 | |
| 701 | 0 | @a唐爱坤@Atang ai kun@4主编 |
| 701 | 0 | @a邓元望@Adeng yuan wang@4主编 |
| 801 | 0 | @aCN@c20220910 |
| 905 | @a河南城建学院图书馆@dTK124@eT230@f2 | |
| 传热学/主编邓元望, 唐爱坤.-北京:机械工业出版社,2021.08 |
| 255页:图;26cm.-(现代机械工程系列精品教材) |
| “十三五”国家重点出版物出版规划项目 双色印刷 |
| ISBN 978-7-111-67904-2:CNY49.80 |
| 本书在内容上既有广度又有深度, 同时力求内容精炼、简明扼要, 做到理论与实际紧密联系, 使读者既能掌握扎实的基础理论知识, 又能培养 |
| ● |
| 相关链接 |
|
|
|
正题名:传热学
索取号:TK124/T230
 
预约/预借
| 序号 | 登录号 | 条形码 | 馆藏地/架位号 | 状态 | 备注 |
| 1 | 1577389 | 215773893 | 自科库501/501自科库 136排2列2层/ [索取号:TK124/T230] | 在馆 | |
| 2 | 1577390 | 215773900 | 自科库501/501自科库 136排2列2层/ [索取号:TK124/T230] | 在馆 |